Datum a čas kvízu
31.5
Celkem bodů
Celkový počet nahraných bodů na tomto kvízu bez doplňovacích otázek.
5.
Pořadí na kvízu
Konečné umístění týmu na tomto kvízu.
Zaznamenané odpovědi
| # | Otázka | Odpověď | Body | Výsledky |
|---|---|---|---|---|
| 1. | Minulý týden byly vyhlášeny vý... | Pavel Pafko | 1 | |
| 2. | V sousedním Rakousku před něko... | Sebastian Kurz | 1 | |
| 3. | Známá australská skupina vydal... | Nick Cave | 1 | |
| 4. | Tradiční český prodejce hudebn... | Bontonland | 1 | |
| 5. | Jistý evropský fotbalový svaz... | na Slovensku | 0 | |
| 6. | Napíšete-li název afghánské le... | Bagram | 0 | |
| 7. | Jak se jmenuje současný náčeln... | Aleš Opata | 0 | |
| 8. | Jak se nazývá město, u něhož s... | Náměšť nad Oslavou | 1 | |
| 9. | Jednou z prvních zahraničních... | Bosna a Hercegovina | 1 | |
| 10. | Napište čtyřpísmenné označení... | BREN | 1 |